Medzinárodné účtovné štandardy: Slovensko-anglický slovník ekonomických pojmov. [Obchodná korešpondencia]

Odborné ekonomické pojmy z oblasti obchodnej korešpondencie.

Enregistré dans:
Détails bibliographiques
Auteur principal: Tumpach, Miloš, 1970-
Format: Chapitre de livre
Langue:slovaque
Sujets:
Tags: Ajouter un tag
Pas de tags, Soyez le premier à ajouter un tag!

MARC

LEADER 00000nla$a2200000$$$4500
001 0048059
005 20240502071542.6
041 0 |a slo 
044 |a SK 
245 1 0 |a Medzinárodné účtovné štandardy: Slovensko-anglický slovník ekonomických pojmov. [Obchodná korešpondencia]  |c Miloš Tumpach 
520 |a Odborné ekonomické pojmy z oblasti obchodnej korešpondencie. 
610 2 0 |a korešpondencia 
610 2 0 |a obchod 
610 2 0 |a slovníky 
610 2 0 |a slovenčina 
610 2 0 |a angličtina 
610 2 0 |a pojmy 
100 1 |a Tumpach, Miloš, 1970-